000 00373nam a2200145Ia 4500
008 230917s9999||||xx |||||||||||||| ||und||
040 _e11040
_aMAIN
041 _aEnglish
082 _a301.096 G985A
100 _aGutkind, Peter C W
245 0 _aAfrican social studies: A radical reader
260 _aNew York
_bMonthly Review
_c1977
300 _a481 p.
942 _cBK
999 _c210507
_d210507